000 005250000a22001810004500
003 MACL
005 20160527122750.0
008 160527b xxu||||| |||| 00| 0 eng d
040 _aMACL
_cMACL
041 _aHindi
082 _a891.433 HIR
100 _aह्रदयेश
_958523
245 _aपुनर्जन्‍म
_cह्रदयेश
260 _bलिपि प्रकाशन
_c1994
_aनई दिल्‍ली
350 _a50
650 _aNovel
_960078
942 _cHIN
_k891.433/HIR/L
_2ddc
999 _c20122
_d20122